Rock εγκυκλοπαίδεια classic rock : το πρώτο παγκόσμιο μουσικό ρεύμα στην ιστορία

Για πρώτη φορά στην ιστορία, μια μουσική ενώνει όλους τους νέους του πλανήτη. Μια μουσική που γίνεται κλασική και ακούγεται για πάντα. Ένα έργο αναφοράς για κάθε φαν του classic rock σε ηλεκτρονική μορφή...

Full description

Saved in:
Bibliographic Details
Corporate Author: Δημοσιογραφικός Οργανισμός Λαμπράκη
Format: Electronic
Language:Greek
English
Published: Αθήνα : Δημοσιογραφικός Οργανισμός Λαμπράκη, Hitech, 2004
Subjects:
Tags: Add Tag
No Tags, Be the first to tag this record!

MARC

LEADER 00000cmm a2200000 i 4500
001 1/66402
008 071206s2004 gr gre d
035 |l 10092878 
040 |a GR-MY-UA  |b gre  |e aacr 
041 0 |a gre  |a eng 
082 0 |a 781.6603  |2 (22) 
245 1 0 |a Rock εγκυκλοπαίδεια  |h [αρχείο Η/Υ] :  |b classic rock : το πρώτο παγκόσμιο μουσικό ρεύμα στην ιστορία /  |c Δημοσιογραφικός Οργανισμός Λαμπράκη 
246 3 3 |a Ηλεκτρονική rock εγκυκλοπαίδεια 
260 |a Αθήνα :   |b Δημοσιογραφικός Οργανισμός Λαμπράκη,   |b Hitech,   |c 2004 
300 |a 1 οπτική δισκέτα λέϊζερ Η/Υ  |e 4 3/4 ίν. 
500 |a Οι πρωτοπόροι - Οι κορυφαίοι - Οι επίγονοι, Οι διάσημοι - Οι αφανείς - Οι επιρροές, Τα πρόσωπα - Τα έργα που έκαναν την διαφορά 
500 |a Μια παραγωγή του περιοδικού HiTECH 
500 |a Συνοδευτικό CD του περιοδικού HITECH 
520 |a Για πρώτη φορά στην ιστορία, μια μουσική ενώνει όλους τους νέους του πλανήτη. Μια μουσική που γίνεται κλασική και ακούγεται για πάντα. Ένα έργο αναφοράς για κάθε φαν του classic rock σε ηλεκτρονική μορφή 
538 |a Προτεινόμενη σύνθεση υπολογιστή: επεξεργαστής Pentium 600MHz, μνήμη 64MB, οδηγός CD-ROM 24x, κάρτα ήχου, κάρτα γραφικών με ανάλυση τουλάχιστον 800x600 με 16bit χρώματος. Λειτουργικό σύστημα Windows 98/2000/XP 
650 0 0 |a Rock music  |x Encyclopedias. 
710 2 |a Δημοσιογραφικός Οργανισμός Λαμπράκη. 
852 |a INST  |b LESVOS  |c AV  |e 20071206  |h 781.6603 ROC  |p 005100041095  |q 005100041095  |t CDROM  |y 23 
901 |a BIBL1-2007-3 
909 |a Λ  |b 137502 
970 |a ΚΑΡΑ  |b ΓΙΑΣΕΜΗ  |z 2007/12/06